Monasterio de las Descalzas Reales / (Record no. 85799)

MARC details
000 -LEADER
campo de control de longitud fija 00813nam a2200217 i 4500
001 - NÚMERO DE CONTROL
campo de control 85799
003 - IDENTIFICADOR DE NÚMERO DE CONTROL
campo de control ES-MaACL
005 - FECHA Y HORA DE LA ÚLTIMA TRANSACCIÓN
campo de control 20230906175319.0
007 - CAMPO FIJO DE DESCRIPCIÓN FÍSICA--INFORMACIÓN GENERAL
campo de control de longitud fija t|
008 - DATOS DE LONGITUD FIJA--INFORMACIÓN GENERAL
campo de control de longitud fija 041201s1977 sp ||||1| spa d
100 1# - ENTRADA PRINCIPAL--NOMBRE DE PERSONA
Nombre de persona Junquera de Vega, Paulina.
9 (RLIN) 147684
245 10 - MENCIÓN DEL TÍTULO
Título Monasterio de las Descalzas Reales /
Mención de responsabilidad, etc. comentarios y notas por P. Junquera de Vega y Mª Teresa Ruíz Alcón . Real Monasterio de la Encarnación de Agustinas Recoletas / notas por Angel Oliveras Guart.
260 ## - PUBLICACIÓN, DISTRIBUCIÓN, ETC.
Lugar de publicación, distribución, etc. Madrid :
Nombre del editor, distribuidor, etc. Patrimonio Nacional,
Fecha de publicación, distribución, etc. [1977]
300 ## - DESCRIPCIÓN FÍSICA
Extensión 140 p., 35 lám. ;
Dimensiones 17 cm.
490 1# - MENCIÓN DE SERIE
Mención de serie Guías turísticas
700 1# - ENTRADA AGREGADA--NOMBRE PERSONAL
Nombre de persona Ruiz Alcón, María Teresa.
9 (RLIN) 100643
700 1# - ENTRADA AGREGADA--NOMBRE PERSONAL
Nombre de persona Oliveras Guart, Angel.
9 (RLIN) 86863
830 0# - PUNTO DE ACCESO ADICIONAL DE SERIE-TÍTULO UNIFORME
Título uniforme Guías turísticas
9 (RLIN) 182719
852 ## - LOCALIZACIÓN
Ubicación ES-MaACL
Número de control de estantería L-5543
Sublocalización o colección R.106011
Holdings
Estatus retirado Estado de pérdida Estado de daño No para préstamo Biblioteca de origen Biblioteca actual Ubicación en estantería Fecha de adquisición Fuente de adquisición Total de préstamos Signatura topográfica completa Código de barras Visto por última vez Precio de reemplazo Tipo de ítem Koha
        Biblioteca del Ateneo de Madrid Biblioteca del Ateneo de Madrid Depósito 2 17/01/2008     L-5543 1089662 23/02/2023 23/02/2023 Libro impreso